LDR 00754naa#a2200169#i#450# 001 RU\INFRA-M\bibl\119002 005 20260427113901.1 011 ## _a3033-8166 100 ## _a20260330b2026####ek#y0rusy0150####ca 102 ## _aRU 200 1# _aКонцептуальный недостаток исламского банкинга _eЖурнальная статья 210 1# _aМосква _cОбщество с ограниченной ответственностью «Научно-издательский центр ИНФРА-М» _d2026 215 ## _a8 с. 608 ## _aЖурнальная статья _2local 675 ## _aДенежное обращение. Банковское дело. Биржи. 336.7 _z 700 #1 _aЯндиев _gМ. И. 856 4# _anaukaru.ru _u